| 000 | 01126nam a2200253Ia 4500 | ||
|---|---|---|---|
| 999 |
_c38573 _d38573 |
||
| 001 | 4690 | ||
| 003 | GE_BSU | ||
| 005 | 20200130115409.0 | ||
| 008 | 181216s2005||||ge |||||||||||||| ||geo|| | ||
| 020 | _a9994046004 | ||
| 040 | _cGE_BSU | ||
| 041 | _ageo | ||
| 080 | _a617-089(075.8) გ-82 | ||
| 100 |
_aგრიგოლია, ნოდარ _93225 |
||
| 245 |
_aზოგადი ქირურგია = GENERAL SURGERY : _bსახელმძღვ.საამედ. უნ-ტის სტუდ. და ახალგ. ექიმებისათვის / _c ნოდარ გრიგოლია ; რედ. ი. დავითაია. |
||
| 264 |
_aთბილისი : _bმერიდიანი ; _c2005. |
||
| 300 |
_a382 გვ. : _bილ. ; _c24 სმ. |
||
| 653 | _aქირურგია | ||
| 653 | _aმედიცინა | ||
| 653 | _aსახელმძღვანელო | ||
| 700 |
_aდავითაია, ი. _eრედაქტორი _93226 |
||
| 710 |
_aთბილ. სახელმწ. სამედ. უნ-ტი _93234 |
||
| 942 |
_cBK _2udc |
||